[Event "II Open Oro Caffe'"]
[Site "Udine ITA"]
[Date "2009.07.09"]
[Round "4"]
[White "Licandro, Michele"]
[Black "Lippi, Agostino"]
[Result "0-1"]
[WhiteElo "1523"]
[BlackElo "1550"]
[PlyCount "69"]
[EventDate "2009.07.06"]

1. d4 d5 2. Nf3 Nc6 3. e3 Nf6 4. Bd3 Bg4 5. Nbd2 e5 6. dxe5 Nxe5 7. Be2 Bd6 8.
h3 Nxf3+ 9. Nxf3 Bd7 10. c4 c6 11. Qb3 Qc7 12. Bd2 O-O 13. Rc1 dxc4 14. Bxc4
Ne4 15. Qd3 Nxd2 16. Qxd2 Rad8 17. Qc2 Bb4+ 18. Nd2 Bf5 19. Qxf5 Bxd2+ 20. Ke2
Bxc1 21. Rxc1 Qd6 22. Bd3 Qg6 23. Qb5 cxb5 24. Bxg6 hxg6 25. Rc7 Rc8 26. Rxb7
Rc2+ 27. Kf3 Rxb2 28. a4 b4 29. Rxa7 Rb8 30. a5 b3 31. a6 Kh7 32. Rb7 Ra8 33.
a7 Ra2 34. Rxb3 R8xa7 35. Rb4 0-1

[Event "II Open Oro Caffe'"]
[Site "Udine ITA"]
[Date "2009.07.09"]
[Round "4"]
[White "Miseri, Paolo"]
[Black "Menon, Michele"]
[Result "1-0"]
[WhiteElo "1488"]
[BlackElo "1741"]
[PlyCount "117"]
[EventDate "2009.07.06"]

1. e4 d6 2. d4 Nf6 3. Nd2 c6 4. Be2 e5 5. c3 Be7 6. Ngf3 Qc7 7. O-O O-O 8. Qc2
b5 9. h3 Bb7 10. Re1 Nbd7 11. Bd1 a5 12. b3 Rfe8 13. a4 Nf8 14. Nf1 Ng6 15. Ng3
h6 16. Be2 bxa4 17. bxa4 Bf8 18. Bf1 Rac8 19. Bd2 d5 20. dxe5 Nxe5 21. Nxe5
Qxe5 22. f4 Qc7 23. e5 Bc5+ 24. Kh2 Nd7 25. Nf5 Nf8 26. Be3 Bxe3 27. Rxe3 Rb8
28. Rg3 Ng6 29. Qf2 Bc8 30. Nd6 Rf8 31. Bd3 Rb3 32. Bxg6 fxg6 33. Qc2 Rb8 34.
Qxg6 Kh8 35. Rf1 Ba6 36. Rf2 Qa7 37. Rgf3 d4 38. cxd4 Qxd4 39. Nf7+ Rxf7 40.
Qxf7 Bc4 41. Qc7 Rf8 42. Qd6 Qxd6 43. exd6 Bd5 44. Rc3 Rd8 45. Rc5 Rxd6 46.
Rxa5 Rf6 47. g3 Rf8 48. Ra7 Rb8 49. Rd2 Rb1 50. g4 g5 51. fxg5 hxg5 52. Re2
Rh1+ 53. Kg3 Rg1+ 54. Kf2 Rg2+ 55. Ke1 Rxe2+ 56. Kxe2 Bg2 57. Kf2 Bxh3 58. Kg3
Bf1 59. Rc7 1-0

[Event "II Open Oro Caffe'"]
[Site "Udine ITA"]
[Date "2009.07.09"]
[Round "4"]
[White "Muradore, Aldo"]
[Black "Muzzolini, Claudio"]
[Result "1-0"]
[WhiteElo "1487"]
[BlackElo "1810"]
[PlyCount "81"]
[EventDate "2009.07.06"]

1. d4 Nf6 2. Nf3 d5 3. e3 Bg4 4. Nbd2 Nbd7 5. Be2 c5 6. c4 e6 7. cxd5 Nxd5 8.
Qa4 N5b6 9. Qc2 Rc8 10. Qd1 Bd6 11. O-O O-O 12. dxc5 Nxc5 13. Kh1 Bb8 14. Nd4
Qh4 15. f4 Bf5 16. Nxf5 exf5 17. Nf3 Qh6 18. b3 Ne4 19. Qe1 Qf6 20. Nd4 Rfe8
21. Rf3 Nd5 22. Bb2 Ndc3 23. Bd3 g6 24. Bxe4 Nxe4 25. Rc1 Qa6 26. a4 Bd6 27.
Nb5 Bf8 28. Nc7 Rxc7 29. Rxc7 Qb6 30. Qc1 Qxb3 31. Bd4 a5 32. h3 b5 33. Qc6
Qd1+ 34. Kh2 Nd6 35. axb5 a4 36. Bb2 Qb3 37. Qc2 Qxb5 38. Qc3 Re5 39. Qxe5 Qxe5
40. Bxe5 a3 41. Bxd6 1-0

[Event "II Open Oro Caffe'"]
[Site "Udine ITA"]
[Date "2009.07.09"]
[Round "4"]
[White "Okhotnik, Vladimir"]
[Black "Bove, Alessandro"]
[Result "1/2-1/2"]
[WhiteElo "2449"]
[BlackElo "2305"]
[PlyCount "44"]
[EventDate "2009.07.06"]

1. e4 c5 2. c3 Nf6 3. e5 Nd5 4. d4 cxd4 5. cxd4 d6 6. Nf3 Nc6 7. Bc4 Nb6 8. Bb5
dxe5 9. Nxe5 Bd7 10. Nxd7 Qxd7 11. Nc3 e6 12. Qg4 Nd5 13. O-O Nf6 14. Qg3 Be7
15. Qxg7 Rg8 16. Qh6 Qxd4 17. Qh3 Ng4 18. Bxc6+ bxc6 19. Qxh7 Nf6 20. Qh3 O-O-O
21. Be3 Qc4 22. Rfd1 Bd6 1/2-1/2

[Event "II Open Oro Caffe'"]
[Site "Udine ITA"]
[Date "2009.07.09"]
[Round "4"]
[White "Pagnutti, Lorenzo"]
[Black "Milazzo, Mario"]
[Result "1-0"]
[WhiteElo "2104"]
[BlackElo "2068"]
[PlyCount "47"]
[EventDate "2009.07.06"]

1. e4 e5 2. Nf3 Nc6 3. Bc4 Nf6 4. Ng5 Bc5 5. Bxf7+ Ke7 6. Bd5 d6 7. c3 Rf8 8.
O-O h6 9. Nf3 Bg4 10. d4 Bb6 11. Bxc6 bxc6 12. dxe5 Nh5 13. exd6+ cxd6 14. e5
d5 15. Qd3 Bf5 16. Qa6 Bc8 17. Qa4 Qe8 18. Be3 Bxe3 19. fxe3 Qg6 20. Nbd2 Bd7
21. Qb4+ Kd8 22. Nd4 Kc7 23. Qc5 Kb7 24. e6 1-0

[Event "II Open Oro Caffe'"]
[Site "Udine ITA"]
[Date "2009.07.09"]
[Round "4"]
[White "Picco, Ruggero"]
[Black "Pillon, Giovanni Pietro"]
[Result "0-1"]
[WhiteElo "2082"]
[BlackElo "1500"]
[PlyCount "102"]
[EventDate "2009.07.06"]

1. d4 Nf6 2. Nf3 e6 3. g3 d5 4. Bg2 Nbd7 5. O-O Be7 6. Nbd2 c6 7. c3 Qc7 8. Qc2
e5 9. dxe5 Nxe5 10. Nxe5 Qxe5 11. Nf3 Bf5 12. Qb3 Qc7 13. Nd4 Bg6 14. c4 dxc4
15. Qxc4 O-O 16. Bf4 Qb6 17. b3 Rfd8 18. Nf3 Nd5 19. Be5 Qb4 20. Rac1 Qxc4 21.
Rxc4 f6 22. Bb2 Bf7 23. Rcc1 a5 24. Rfd1 a4 25. e4 Nb4 26. Ba3 axb3 27. Rxd8+
Rxd8 28. axb3 Rd3 29. Rb1 Rxb3 30. Rxb3 Bxb3 31. Nd4 Ba4 32. Bf1 g6 33. Bc4+
Kf8 34. Kg2 c5 35. Ne6+ Ke8 36. f3 Kd7 37. Kf2 b5 38. Bxb4 cxb4 39. Bd5 b3 40.
Nd4 Bc5 41. Ke3 b2 42. Ba2 Bc2 43. Kd2 b1=Q 44. Bxb1 Bxb1 45. Nxb5 Kc6 46. Nc3
Bb4 47. Kc1 Bxc3 48. Kxb1 Kc5 49. Kc2 Kc4 50. g4 g5 51. h3 Kd4 0-1

[Event "II Open Oro Caffe'"]
[Site "Udine ITA"]
[Date "2009.07.09"]
[Round "4"]
[White "Redo, Stefano"]
[Black "Capaliku, Aleks"]
[Result "1/2-1/2"]
[WhiteElo "1943"]
[BlackElo "2093"]
[PlyCount "105"]
[EventDate "2009.07.06"]

1. e4 c5 2. Nf3 Nc6 3. Bb5 e6 4. O-O Nf6 5. e5 Nd5 6. c3 Qc7 7. d4 cxd4 8. cxd4
d6 9. Bc4 Nb6 10. Bb3 dxe5 11. Nc3 Nxd4 12. Nxd4 exd4 13. Qxd4 Bd7 14. Be3 Bd6
15. Rac1 Bxh2+ 16. Kh1 Be5 17. Qb4 Bc6 18. Nb5 Qe7 19. Qxe7+ Kxe7 20. Nxa7 Rxa7
21. Bxb6 Raa8 22. Bc5+ Kf6 23. Ba3 g5 24. Kg1 h5 25. Rfe1 Bf4 26. Rc5 h4 27.
Bb4 h3 28. Bc3+ Ke7 29. Rxc6 bxc6 30. Bxh8 Rxh8 31. gxh3 Rxh3 32. Bc2 Rh8 33.
Re4 Rb8 34. b3 c5 35. a4 Kd6 36. a5 Kc6 37. Ra4 f5 38. a6 Kb6 39. Bd3 Ra8 40.
Ra2 Bc7 41. Re2 e5 42. Bxf5 Rxa6 43. Kg2 Ra8 44. Kf3 Rg8 45. Kg4 Rg7 46. Be6
Ka5 47. Rc2 Bd6 48. Ra2+ Kb4 49. Ra6 Bf8 50. Rb6+ Kc3 51. Kf5 g4 52. Kxe5 g3
53. fxg3 1/2-1/2

[Event "II Open Oro Caffe'"]
[Site "Udine ITA"]
[Date "2009.07.09"]
[Round "4"]
[White "Santacroce, Fidel"]
[Black "Bozza, Stefano"]
[Result "0-1"]
[WhiteElo "1583"]
[BlackElo "1560"]
[PlyCount "90"]
[EventDate "2009.07.06"]

1. e4 e5 2. Nf3 Nc6 3. Bc4 Nf6 4. d3 Bc5 5. O-O d6 6. Ng5 O-O 7. h3 h6 8. Nf3
Be6 9. Bb5 Nd4 10. Nxd4 Bxd4 11. c3 Bb6 12. Qe2 c6 13. Ba4 Qd7 14. Kh2 d5 15.
Na3 Bc7 16. f3 Rad8 17. Nc2 b5 18. Bb3 Kh8 19. g4 Nh7 20. Kg2 a5 21. h4 a4 22.
exd5 cxd5 23. d4 axb3 24. axb3 e4 25. fxe4 Bxg4 26. Qe3 dxe4 27. Ne1 Rde8 28.
Ra7 Qc8 29. d5 Qb8 30. Ra6 f5 31. Qc5 f4 32. d6 Qc8 33. Rxf4 Rxf4 34. Bxf4 Bh3+
35. Kh2 Qxa6 36. Qxc7 Qc8 37. c4 bxc4 38. b4 Nf6 39. b5 Nd5 40. Qf7 Nxf4 41.
Qxf4 Bd7 42. b6 Qb8 43. Ng2 Qxb6 44. h5 Qxb2 45. Qf7 Qe5+ 0-1

[Event "II Open Oro Caffe'"]
[Site "Udine ITA"]
[Date "2009.07.09"]
[Round "4"]
[White "Tassinari, Luca"]
[Black "Pecchiari, Alberto"]
[Result "1-0"]
[WhiteElo "1838"]
[BlackElo "1425"]
[PlyCount "118"]
[EventDate "2009.07.06"]

1. e4 e5 2. Nf3 Nc6 3. d4 exd4 4. Bc4 Nf6 5. O-O Nxe4 6. Re1 d5 7. Bxd5 Qxd5 8.
Nc3 Qa5 9. Nxe4 Be6 10. Bd2 Bb4 11. Nxd4 Nxd4 12. c3 Be7 13. cxd4 Qd5 14. Bf4
Rc8 15. Qa4+ c6 16. Nc3 Qc4 17. Qxc4 Bxc4 18. Bd6 Be6 19. Bxe7 Kxe7 20. d5 cxd5
21. Nxd5+ Kd6 22. Nc3 Kc6 23. Rac1 Kb6 24. a4 a6 25. b4 a5 26. Re5 axb4 27.
Rb5+ Ka6 28. Rxb4 Rhd8 29. Rbb1 Rc6 30. Ne4 Rdc8 31. Re1 h6 32. h3 Bf5 33. Rbd1
Bxe4 34. Rxe4 R8c7 35. Kh2 h5 36. Rb1 Rc4 37. Re8 Ka7 38. a5 Ra4 39. Rb5 Ka6
40. Rxh5 Ka7 41. Rf5 Rd4 42. Rf8 f6 43. Rg8 Re4 44. Rd8 Re5 45. Rxe5 fxe5 46.
Rd5 e4 47. Kg3 Rf7 48. Re5 Ka6 49. h4 Ka7 50. Rxe4 Rf5 51. Ra4 Ka6 52. f4 g6
53. Kh3 Rd5 54. g4 Rd3+ 55. Kg2 Rd2+ 56. Kf3 Rh2 57. Kg3 Rh1 58. f5 gxf5 59.
gxf5 Rf1 1-0

[Event "II Open Oro Caffe'"]
[Site "Udine ITA"]
[Date "2009.07.09"]
[Round "4"]
[White "Venuti, Federico"]
[Black "Gabassi, Cristina"]
[Result "1/2-1/2"]
[WhiteElo "1718"]
[BlackElo "1635"]
[PlyCount "111"]
[EventDate "2009.07.06"]

1. d4 Nf6 2. e3 e6 3. Bd3 d5 4. f4 c5 5. c3 Be7 6. Nf3 O-O 7. O-O Nbd7 8. Nbd2
b6 9. Ne5 Bb7 10. Qf3 Ne8 11. Nxd7 Qxd7 12. f5 Nd6 13. fxe6 fxe6 14. Qh3 Rxf1+
15. Nxf1 Nf5 16. Bd2 Rf8 17. Ng3 Bd6 18. Rf1 Bxg3 19. hxg3 g6 20. g4 Nd6 21.
Rxf8+ Kxf8 22. Qf3+ Qf7 23. Qg3 Qe7 24. Be1 a6 25. Qf4+ Nf7 26. Bg3 Kg7 27. a4
Qg5 28. Kf2 Qf6 29. Ke2 Qxf4 30. Bxf4 c4 31. Bc2 Kf6 32. Bc7 b5 33. axb5 axb5
34. b3 e5 35. bxc4 bxc4 36. Kf3 Bc8 37. Kg3 Ke6 38. Ba4 Nd6 39. Bc2 exd4 40.
exd4 Ne4+ 41. Bxe4 dxe4 42. Kf4 Kd5 43. g5 Bf5 44. g3 Bc8 45. Ba5 Bb7 46. Bb4
Ke6 47. Bc5 Kd7 48. Ke3 Kc7 49. Kf4 Bd5 50. Bb4 Kb6 51. Bc5+ Kb5 52. Bb4 Ka4
53. Ke3 Kb3 54. Ba5 Kc2 55. Ke2 Be6 56. Ke3 1/2-1/2

[Event "II Open Oro Caffe'"]
[Site "Udine ITA"]
[Date "2009.07.09"]
[Round "4"]
[White "Viola, Enrico"]
[Black "Trento, Giacomo"]
[Result "0-1"]
[WhiteElo "1614"]
[BlackElo "1588"]
[PlyCount "56"]
[EventDate "2009.07.06"]

1. d4 d5 2. c4 c6 3. Nf3 Nf6 4. Nc3 e6 5. e3 Nbd7 6. Bd3 dxc4 7. Bxc4 b5 8. Bd3
Bb7 9. Qb3 a6 10. a4 Nc5 11. Qc2 Nxd3+ 12. Qxd3 b4 13. Ne4 c5 14. Ned2 cxd4 15.
exd4 Rc8 16. O-O Be7 17. a5 O-O 18. Re1 Qd5 19. Re5 Qc6 20. Nb3 Ne4 21. d5 Qc4
22. Qxe4 Qxb3 23. Be3 Bxd5 24. Qg4 Bxf3 25. gxf3 Rc4 26. Qh3 Qxb2 27. Rh5 Qxa1+
28. Kg2 Qb1 0-1

[Event "II Open Oro Caffe'"]
[Site "Udine ITA"]
[Date "2009.07.09"]
[Round "4"]
[White "Visintin, Roberto"]
[Black "Castellano, Alfonso"]
[Result "0-1"]
[WhiteElo "2033"]
[BlackElo "1952"]
[PlyCount "65"]
[EventDate "2009.07.06"]

1. d4 Nf6 2. Nf3 d6 3. Bf4 g6 4. h3 Bg7 5. e3 O-O 6. Nbd2 c6 7. c3 Nbd7 8. Be2
Re8 9. O-O e5 10. dxe5 dxe5 11. Bh2 b5 12. a4 Qb6 13. axb5 cxb5 14. Qb3 Rb8 15.
Ng5 Re7 16. Qb4 Nd5 17. Qa5 a6 18. c4 Nc7 19. Qb4 Bf8 20. cxb5 axb5 21. Qh4 h6
22. Nge4 Nd5 23. Bd1 f5 24. Bb3 Bb7 25. Nc3 N7f6 26. e4 fxe4 27. Ndxe4 Kg7 28.
Nxd5 Nxd5 29. Rfd1 Rd8 30. Rd2 Ne3 31. Rxd8 Nf5 32. Rxf8 Nxh4 33. Rg8+ 0-1

[Event "II Open Oro Caffe'"]
[Site "Udine ITA"]
[Date "2009.07.09"]
[Round "4"]
[White "Zavagno, Matteo"]
[Black "Clarini, Ivo"]
[Result "0-1"]
[WhiteElo "1443"]
[BlackElo "1829"]
[PlyCount "43"]
[EventDate "2009.07.06"]

1. e4 e6 2. d4 d5 3. Nc3 Nf6 4. e5 Nfd7 5. Be3 c5 6. f4 Nc6 7. Nf3 cxd4 8. Bxd4
Nxd4 9. Nxd4 Bc5 10. Qd3 Nxe5 11. Qb5+ Nd7 12. Nb3 Be3 13. g3 O-O 14. Bd3 Nf6
15. Ke2 a6 16. Qb4 d4 17. Nd1 Qd5 18. Nxe3 dxe3 19. Rhg1 e5 20. Bc4 Bg4+ 21.
Kf1 Qf3+ 22. Ke1 0-1

[Event "II Open Oro Caffe'"]
[Site "Udine ITA"]
[Date "2009.07.09"]
[Round "4"]
[White "Zuttioni, Federico"]
[Black "Orsatti, Marcello"]
[Result "1-0"]
[WhiteElo "1884"]
[BlackElo "1973"]
[PlyCount "43"]
[EventDate "2009.07.06"]

1. e4 c5 2. Nf3 Nc6 3. d4 cxd4 4. Nxd4 g6 5. Nc3 Bg7 6. Be3 d6 7. Qd2 Nf6 8. f4
Nd7 9. Be2 O-O 10. O-O-O Nxd4 11. Bxd4 Nf6 12. g4 Nxg4 13. Bxg7 Kxg7 14. Rhg1
Nf6 15. h4 h5 16. f5 Rg8 17. Qg5 Kf8 18. Qh6+ Ke8 19. e5 Ng4 20. Bb5+ Bd7 21.
Qh7 Rf8 22. exd6 1-0

[Event "II Open Oro Caffe'"]
[Site "Udine ITA"]
[Date "2009.07.10"]
[Round "5"]
[White "Bove, Alessandro"]
[Black "Damia, Angelo"]
[Result "1/2-1/2"]
[WhiteElo "2305"]
[BlackElo "2291"]
[PlyCount "28"]
[EventDate "2009.07.06"]

1. d4 d5 2. Nf3 Nf6 3. c4 c6 4. Nc3 e6 5. Bg5 Bb4 6. Bxf6 gxf6 7. e3 Qa5 8. Qb3
Nd7 9. a3 Bxc3+ 10. Qxc3 Qxc3+ 11. bxc3 dxc4 12. Bxc4 c5 13. Rb1 cxd4 14. cxd4
Nb6 1/2-1/2

[Event "II Open Oro Caffe'"]
[Site "Udine ITA"]
[Date "2009.07.10"]
[Round "5"]
[White "Capaliku, Aleks"]
[Black "Zuttioni, Federico"]
[Result "1/2-1/2"]
[WhiteElo "2093"]
[BlackElo "1884"]
[PlyCount "119"]
[EventDate "2009.07.06"]

1. f4 Nf6 2. Nf3 g6 3. b3 Bg7 4. Bb2 O-O 5. e3 c5 6. Be2 Nc6 7. O-O b6 8. Bb5
Bb7 9. Qe2 a6 10. Bxc6 Bxc6 11. d3 Qc7 12. Nbd2 Rfd8 13. Ne5 Bb7 14. e4 d6 15.
Nec4 b5 16. e5 bxc4 17. exf6 cxd3 18. cxd3 Bxf6 19. Bxf6 exf6 20. f5 Kg7 21.
Ne4 Bxe4 22. Qxe4 d5 23. Qh4 Qb6 24. Rf3 Qb4 25. Rf4 Qc3 26. Raf1 Rd6 27. Qg3
Re8 28. Rh4 Qe5 29. Qf2 Qe3 30. Rf4 d4 31. Rf3 Qxf2+ 32. Kxf2 Rd5 33. g4 Rde5
34. Rc1 Re2+ 35. Kg3 Rxa2 36. fxg6 hxg6 37. Rxc5 Ree2 38. h4 Rh2 39. Rf4 Rag2+
40. Kf3 Rf2+ 41. Ke4 Rxf4+ 42. Kxf4 Rxh4 43. Kg3 Rh8 44. Rc4 Rd8 45. Kf4 Kf8
46. Rc6 Rb8 47. Rxa6 Rxb3 48. Ke4 Ke7 49. Ra7+ Ke6 50. Ra6+ Ke7 51. Ra7+ Ke6
52. Ra6+ Ke7 53. Ra7+ Kf8 54. Ra4 Rb1 55. Rxd4 Rg1 56. Kd5 f5 57. gxf5 Rg5 58.
Rf4 Rxf5+ 59. Rxf5 gxf5 60. Ke5 1/2-1/2

[Event "II Open Oro Caffe'"]
[Site "Udine ITA"]
[Date "2009.07.10"]
[Round "5"]
[White "Castellano, Alfonso"]
[Black "Gaspardo, Francesco"]
[Result "1/2-1/2"]
[WhiteElo "1952"]
[BlackElo "1978"]
[PlyCount "25"]
[EventDate "2009.07.06"]

1. c4 e6 2. Nc3 f5 3. g3 Nf6 4. Bg2 d5 5. d4 c6 6. Nf3 Bd6 7. O-O O-O 8. Ne5 b6
9. Qc2 Qc7 10. f4 Ne4 11. Nxe4 dxe4 12. Bd2 c5 13. e3 1/2-1/2

[Event "II Open Oro Caffe'"]
[Site "Udine ITA"]
[Date "2009.07.10"]
[Round "5"]
[White "Cisilino, Oscar"]
[Black "Visintin, Roberto"]
[Result "1/2-1/2"]
[WhiteElo "1670"]
[BlackElo "2033"]
[PlyCount "45"]
[EventDate "2009.07.06"]

1. c4 c5 2. Nc3 Nf6 3. Nf3 g6 4. g3 b6 5. Bg2 Bg7 6. O-O Bb7 7. d3 O-O 8. Rb1
d6 9. a3 Ne8 10. Re1 Nc7 11. e4 Nc6 12. Bg5 Ne6 13. Be3 Ned4 14. Ne2 e5 15. b4
f5 16. Nfxd4 Nxd4 17. f4 Qc7 18. Nxd4 exd4 19. Bd2 fxe4 20. Bxe4 Rfe8 21. Qf3
Bxe4 22. Rxe4 Qb7 23. Rbe1 1/2-1/2

[Event "II Open Oro Caffe'"]
[Site "Udine ITA"]
[Date "2009.07.10"]
[Round "5"]
[White "Clarini, Ivo"]
[Black "Redo, Stefano"]
[Result "0-1"]
[WhiteElo "1829"]
[BlackElo "1943"]
[PlyCount "85"]
[EventDate "2009.07.06"]

1. d4 Nf6 2. c4 c5 3. e3 g6 4. Nc3 cxd4 5. exd4 Bg7 6. Nf3 O-O 7. Bg5 d6 8. Qd2
Re8 9. Rd1 Nbd7 10. Be2 Nf8 11. Bh6 Bh8 12. h3 Bd7 13. O-O Ne6 14. Ng5 Ng7 15.
Bf3 Rb8 16. Nd5 Nf5 17. Nxf6+ Bxf6 18. Ne4 Bxd4 19. g4 Nxh6 20. Qxd4 Qc8 21.
Qd2 Kg7 22. Qd4+ f6 23. g5 Ng8 24. h4 Bc6 25. gxf6+ Nxf6 26. Nxf6 exf6 27. Bxc6
Qxc6 28. b3 Re4 29. Qd5 Rg4+ 30. Kh2 Qd7 31. Qxd6 Rxh4+ 32. Kg1 Qh3 33. f3 Qh1+
34. Kf2 Rh2+ 35. Ke3 Re8+ 36. Kd3 Qg2 37. Qd7+ Kf8 38. Qd6+ Kf7 39. Qd5+ Re6
40. Qxb7+ Re7 41. Qd5+ Kg7 42. Kd4 Qb2+ 43. Kc5 0-1

[Event "II Open Oro Caffe'"]
[Site "Udine ITA"]
[Date "2009.07.10"]
[Round "5"]
[White "Fantini, Marco"]
[Black "Brunello, Roberta"]
[Result "1-0"]
[WhiteElo "2012"]
[BlackElo "1956"]
[PlyCount "73"]
[EventDate "2009.07.06"]

1. d4 d5 2. Nf3 Nf6 3. e3 Bf5 4. Bd3 Bg6 5. c4 c6 6. cxd5 cxd5 7. Nc3 Nbd7 8.
Ne5 e6 9. Qa4 a6 10. O-O b5 11. Qd1 Nxe5 12. dxe5 Bxd3 13. Qxd3 Ng4 14. Qd4 h5
15. e4 dxe4 16. Qxe4 Rc8 17. Bf4 Rc4 18. Rad1 Qc8 19. Qf3 Bc5 20. Ne4 Nh6 21.
Nd6+ Bxd6 22. exd6 Qd7 23. Rc1 Nf5 24. Rxc4 bxc4 25. Qa8+ Qd8 26. Qxa6 O-O 27.
Rc1 g5 28. Be5 f6 29. Bc3 Qxd6 30. Qxc4 Rf7 31. h3 g4 32. hxg4 hxg4 33. Bb4 Qe5
34. Qxg4+ Kh7 35. Qh5+ Kg7 36. Rc4 Nd4 37. Qg4+ 1-0

[Event "II Open Oro Caffe'"]
[Site "Udine ITA"]
[Date "2009.07.10"]
[Round "5"]
[White "Fermo, Ruggero"]
[Black "Pillon, Giovanni Pietro"]
[Result "0-1"]
[WhiteElo "1765"]
[BlackElo "1500"]
[PlyCount "94"]
[EventDate "2009.07.06"]

1. e4 e5 2. Nf3 Nc6 3. Bc4 Bc5 4. c3 Nf6 5. d4 exd4 6. O-O Nxe4 7. cxd4 Be7 8.
d5 Nb8 9. Qe2 Nf6 10. Re1 d6 11. Bg5 Bg4 12. Nbd2 Nbd7 13. h3 Bh5 14. g4 Bg6
15. Nh4 Ne5 16. f4 Nxc4 17. Qxc4 h6 18. Nxg6 fxg6 19. Bxf6 gxf6 20. Qe4 c6 21.
Qxg6+ Kd7 22. Qf5+ Kc7 23. Re6 Qd7 24. Nf3 Rae8 25. Rc1 Bd8 26. Nd4 Rxe6 27.
dxe6 Qh7 28. Qd5 Kb8 29. Qb3 Bb6 30. Qe3 f5 31. Kg2 fxg4 32. hxg4 Qg7 33. Nxc6+
bxc6 34. Qe2 Kb7 35. Rc2 Rg8 36. Kh3 Qf6 37. Qe4 d5 38. Qh7+ Rg7 39. Qf5 Qxf5
40. gxf5 Bd8 41. b3 Kc7 42. b4 Kd6 43. Re2 Bf6 44. Rc2 h5 45. a4 a6 46. Ra2 Rg4
47. Rf2 Ke7 0-1

[Event "II Open Oro Caffe'"]
[Site "Udine ITA"]
[Date "2009.07.10"]
[Round "5"]
[White "Gabassi, Cristina"]
[Black "Miseri, Paolo"]
[Result "1/2-1/2"]
[WhiteElo "1635"]
[BlackElo "1488"]
[PlyCount "70"]
[EventDate "2009.07.06"]

1. e4 e5 2. Nf3 d6 3. Nc3 Bg4 4. Be2 Nf6 5. O-O Be7 6. d4 exd4 7. Nxd4 Bxe2 8.
Qxe2 O-O 9. f4 c6 10. Rf3 Re8 11. Rh3 h6 12. g4 Qd7 13. f5 Nh7 14. Bf4 Bg5 15.
Qe3 Qe7 16. Nf3 Bxf4 17. Qxf4 Na6 18. Re1 f6 19. Rg3 Nc5 20. h4 Nd7 21. g5 fxg5
22. hxg5 hxg5 23. Nxg5 Nxg5 24. Rxg5 Rf8 25. Qh4 Ne5 26. Re3 Qf6 27. Rh3 Kf7
28. Qh5+ Ke7 29. Rgg3 Rf7 30. Qe2 Raf8 31. Rh7 g6 32. Rxf7+ Rxf7 33. fxg6 Nxg6
34. Nd1 Ne5 35. Kg2 Rg7 1/2-1/2

[Event "II Open Oro Caffe'"]
[Site "Udine ITA"]
[Date "2009.07.10"]
[Round "5"]
[White "Maestri, Roberto"]
[Black "Laco, Giuseppe"]
[Result "0-1"]
[WhiteElo "1651"]
[BlackElo "2135"]
[PlyCount "81"]
[EventDate "2009.07.06"]

1. e4 c5 2. d4 cxd4 3. c3 dxc3 4. Nxc3 e6 5. Nf3 a6 6. a4 Nc6 7. Bc4 Qc7 8. O-O
Ne5 9. Nxe5 Qxe5 10. Qe2 Bc5 11. Kh1 Ne7 12. Be3 Bxe3 13. Qxe3 f5 14. f4 Qc7
15. Ba2 O-O 16. Rac1 Qa5 17. Rfd1 fxe4 18. Qxe4 Qf5 19. g3 d5 20. Qb4 Nc6 21.
Qc5 Bd7 22. Bb1 Qg4 23. Rf1 Rac8 24. Qb6 Nd8 25. Qb4 Rf7 26. Qd4 g6 27. Kg2 Nc6
28. Qb6 Rcf8 29. h3 Qh5 30. Qf2 e5 31. Nxd5 Bxh3+ 32. Kg1 Bxf1 33. Rxf1 Kg7 34.
Kg2 exf4 35. Nxf4 Qg4 36. Kh2 Rf6 37. Be4 g5 38. Bf3 Rxf4 39. gxf4 Qxf4+ 40.
Kg2 g4 41. Be2 0-1

[Event "II Open Oro Caffe'"]
[Site "Udine ITA"]
[Date "2009.07.10"]
[Round "5"]
[White "Menon, Michele"]
[Black "Licandro, Michele"]
[Result "1-0"]
[WhiteElo "1741"]
[BlackElo "1523"]
[PlyCount "58"]
[EventDate "2009.07.06"]

1. Nf3 d6 2. d4 Nf6 3. Nbd2 c6 4. e4 Bg4 5. Be2 Nbd7 6. c3 g6 7. Qc2 Bg7 8. h3
Bxf3 9. Nxf3 O-O 10. O-O b5 11. Be3 a6 12. Bd3 Rc8 13. Qd2 c5 14. a4 c4 15. Bc2
e5 16. dxe5 Nxe5 17. Nxe5 dxe5 18. Qe2 Qc7 19. axb5 axb5 20. Ra7 Qc6 21. Qf3
Rc7 22. Rfa1 Rxa7 23. Rxa7 Ra8 24. Qg3 Rxa7 25. Bxa7 Nxe4 26. Qe3 f5 27. f3 Ng3
28. Qd2 Qc7 29. Qd5+ Kh8 1-0

[Event "II Open Oro Caffe'"]
[Site "Udine ITA"]
[Date "2009.07.10"]
[Round "5"]
[White "Milazzo, Mario"]
[Black "Tassinari, Luca"]
[Result "1-0"]
[WhiteElo "2068"]
[BlackElo "1838"]
[PlyCount "99"]
[EventDate "2009.07.06"]

1. c4 Nf6 2. Nc3 g6 3. g3 Bg7 4. Bg2 c5 5. e4 d6 6. Nge2 Nc6 7. d3 Bg4 8. h3
Bd7 9. O-O Qc8 10. Kh2 h5 11. Nd5 h4 12. Nxf6+ Bxf6 13. g4 Qc7 14. Kh1 O-O-O
15. Rb1 Ne5 16. Nc3 e6 17. f4 Nc6 18. Nb5 Qb8 19. Bd2 a6 20. Nc3 Bd4 21. a3 Ne7
22. b4 cxb4 23. axb4 f5 24. b5 axb5 25. Nxb5 Bxb5 26. cxb5 b6 27. exf5 gxf5 28.
Qa4 e5 29. fxe5 dxe5 30. gxf5 Rhg8 31. Qc4+ Qc7 32. Qe6+ Qd7 33. Rbc1+ Kb8 34.
Qxd7 Rxd7 35. f6 Ng6 36. Bc6 Rc7 37. Bb4 Bc5 38. Bxc5 bxc5 39. Rxc5 Rf8 40. b6
Rcc8 41. Ra1 Rxc6 42. Rxc6 Kb7 43. Re6 Nf4 44. Ra7+ Kb8 45. Rxe5 Nxd3 46. Ree7
Nc5 47. f7 Rd8 48. Re8 Ne6 49. Rxd8+ Nxd8 50. f8=R 1-0

[Event "II Open Oro Caffe'"]
[Site "Udine ITA"]
[Date "2009.07.10"]
[Round "5"]
[White "Muradore, Aldo"]
[Black "Capizzi, Biagio"]
[Result "0-1"]
[WhiteElo "1487"]
[BlackElo "1849"]
[PlyCount "114"]
[EventDate "2009.07.06"]

1. d4 d5 2. Nf3 e6 3. g3 Nf6 4. Bg2 c6 5. O-O Bd6 6. Nbd2 Nbd7 7. c4 O-O 8. c5
Bc7 9. Qc2 h6 10. e4 dxe4 11. Nxe4 Nxe4 12. Qxe4 Nf6 13. Qc2 Qe7 14. Ne5 Rd8
15. Nf3 Nd5 16. a3 a5 17. b3 Qf6 18. Re1 Ne7 19. Bb2 Nd5 20. Rad1 Qe7 21. Re4
Nf6 22. Rh4 Qf8 23. d5 exd5 24. Bxf6 gxf6 25. Nd4 Be5 26. Bh3 Bxh3 27. Rxh3
Bxd4 28. Rxd4 Qg7 29. Qf5 Kf8 30. Rg4 Qh8 31. Rgh4 Qg7 32. Rg4 Qh8 33. Qf4 h5
34. Rgh4 Qh7 35. Rxh5 Qb1+ 36. Kg2 Qe4+ 37. Qxe4 dxe4 38. R3h4 Re8 39. Rh8+ Kg7
40. R8h7+ Kg8 41. R7h5 Rad8 42. Rf5 Re6 43. Rfh5 Rd3 44. Rh8+ Kg7 45. R8h7+ Kf8
46. Rh8+ Ke7 47. Rc8 Rxb3 48. Rhh8 f5 49. Rce8+ Kf6 50. Rh6+ Ke5 51. Rhxe6+
fxe6 52. Rf8 Rxa3 53. h4 Rd3 54. Rf7 Rd8 55. Rxb7 Ra8 56. h5 a4 57. h6 Kf6 0-1

[Event "II Open Oro Caffe'"]
[Site "Udine ITA"]
[Date "2009.07.10"]
[Round "5"]
[White "Muzzolini, Claudio"]
[Black "Bozza, Stefano"]
[Result "0-1"]
[WhiteElo "1810"]
[BlackElo "1560"]
[PlyCount "104"]
[EventDate "2009.07.06"]

1. e4 e5 2. Nf3 Nc6 3. Bb5 a6 4. Ba4 Bc5 5. c3 b5 6. Bb3 Nge7 7. O-O O-O 8. d4
exd4 9. cxd4 Bb6 10. Bg5 Kh8 11. d5 Na5 12. d6 cxd6 13. Bd5 Bb7 14. Nc3 f6 15.
Bf4 Bc7 16. Re1 Nac6 17. Bb3 Ne5 18. Nd5 Nxf3+ 19. Qxf3 Bxd5 20. exd5 Ng6 21.
Bg3 Re8 22. Bc2 Rxe1+ 23. Rxe1 Ne5 24. Qe4 g6 25. Bh4 Kg7 26. f4 Nf7 27. Kh1
Bb6 28. g4 Rc8 29. Bd3 Ba7 30. Rf1 Qe8 31. Qf3 Qe3 32. Kg2 Qd2+ 33. Bf2 Qxb2
34. Kg3 Bxf2+ 35. Rxf2 Qd4 36. Rc2 Rxc2 37. Bxc2 Qg1+ 38. Kh3 g5 39. Qg3 Qf1+
40. Qg2 Qxf4 41. Qe4 Qxe4 42. Bxe4 Ne5 43. Kg3 Nc4 44. Kf2 Nb6 45. Ke3 a5 46.
h3 h6 47. Kd3 b4 48. Kd4 Kf7 49. Bc2 a4 50. Be4 Ke7 51. Bg2 a3 52. Be4 b3 0-1

[Event "II Open Oro Caffe'"]
[Site "Udine ITA"]
[Date "2009.07.10"]
[Round "5"]
[White "Naumkin, Igor"]
[Black "Okhotnik, Vladimir"]
[Result "0-1"]
[WhiteElo "2481"]
[BlackElo "2449"]
[PlyCount "66"]
[EventDate "2009.07.06"]

1. d4 d5 2. c4 dxc4 3. Nf3 Nf6 4. e3 e6 5. Bxc4 c5 6. O-O a6 7. a4 Nc6 8. Qe2
Be7 9. Rd1 Qc7 10. Nc3 O-O 11. h3 Rd8 12. b3 b6 13. Bb2 Bb7 14. d5 exd5 15.
Nxd5 Nxd5 16. Bxd5 Nb4 17. Bc4 Bd5 18. e4 Bxc4 19. Qxc4 Qc6 20. Ne5 Qe6 21.
Qxe6 fxe6 22. Nd7 Nc2 23. Rab1 b5 24. axb5 axb5 25. Kf1 Ra2 26. Bc3 b4 27. Be1
Na3 28. Rbc1 Nb5 29. Ne5 Nd4 30. Rd3 Rb2 31. Ra1 Rxb3 32. Ra7 Rxd3 33. Nxd3 Nc6
0-1